[Event "EWCCC Online Final 2020"]
[Site "Online"]
[Date "2020.12.21"]
[Round "6.5"]
[White "Pogonina, Natalija"]
[Black "Gunina, Valentina"]
[Result "0-1"]
[WhiteElo "2474"]
[BlackElo "2451"]
[Annotator "TA"]
[PlyCount "128"]
[EventDate "2020.12.19"]
[EventType "team-tourn"]
[EventCountry "NET"]
[SourceTitle "playchess.com"]
[Source "ChessBase"]
[SourceQuality "1"]

{[%evp 18,128,7,5,17,14,20,12,33,0,37,0,0,0,0,0,17,2,42,42,55,45,115,42,31,12,14,13,15,12,12,14,16,9,11,9,6,8,27,25,22,0,0,0,0,-4,0,-7,0,0,-3,-15,-21,-20,-19,-22,-21,-18,-17,-20,-20,-16,-4,-3,0,-26,-25,-29,-24,-37,-22,-26,-39,-45,-31,-31,-27,-20,-8,-324,-317,-469,-467,-498,-398,-520,-504,-469,-394,-395,-379,-29961,-29962,-29958,-29959,-29974,-29971,-29974,-29975,-29975,-29975,-29974,-29975,-29986,-29987,-29987,-29988,-29989,-29990,-29990,-29980,-29991,-4133]} 1. c4 c6 2. Nf3 d5 3. b3 Nf6 4. Bb2 Bg4 5. e3 e6 6. Be2 Nbd7 7. O-O Bd6 8. h3 Bh5 9. d4 {The main line 9.d4 scores better than 9.d3.} O-O 10. Nbd2 Qc7 {A12: English Opening: 1...c6 with b3 by White.} 11. Rc1 Rfe8 12. Re1 Rac8 {[#] The position is equal.} 13. Qc2 $146 ({Predecessor:} 13. c5 Bf8 14. b4 b6 15. Nb3 Ne4 16. Nfd2 Bxe2 17. Rxe2 Ndf6 18. Nf3 bxc5 19. bxc5 {1-0 (78) Omoifo,O (2097)-Eluekezie,C (2177) Lagos 2015}) 13... Bb4 14. Bc3 Ba3 15. Bb2 Bg6 16. Qc3 Bxb2 17. Qxb2 Qd6 18. Ne5 c5 19. Nxd7 Qxd7 (19... Nxd7 $14 20. cxd5 exd5) 20. dxc5 (20. cxd5 $16 cxd4 21. dxe6 (21. Qxd4 Qxd5 22. Qxd5 Nxd5 $14) 21... Qxe6 22. Qxd4) 20... Rxc5 $14 21. Nf3 dxc4 22. Rxc4 Rxc4 23. Bxc4 Rd8 24. Be2 Qe7 25. Rc1 Be4 26. b4 h6 27. a3 Nd5 28. Qe5 Bg6 29. Nd4 a5 30. Bf3 axb4 31. Bxd5 Rxd5 32. Rc8+ $1 Kh7 33. Qb8 {[%csl Gb8][%cal Rc8h8]} Be4 {White must now prevent ...Qg5!} 34. Rh8+ Kg6 35. Qf4 f5 {Threatens to win with ...e5.} 36. axb4 e5 {[%mdl 64] Double Attack} 37. Qg3+ Qg5 38. Qxg5+ hxg5 $11 {[%mdl 4096] Endgame KRB-KRN} 39. Ne6 Rd1+ 40. Kh2 Rd2 41. Nc5 Bc6 42. Kg1 f4 43. exf4 gxf4 44. f3 Rd4 45. b5 Bxb5 46. Nxb7 Rd1+ 47. Kh2 Bf1 {...Rd2 is the strong threat.} 48. Rh4 $2 {[%mdl 8192] [#] Loses the game.} (48. Rd8 $1 $11 {and White has nothing to worry.} Rb1 49. Nc5) 48... Rd5 $1 $19 49. Rh8 (49. g3 $142) 49... Rd2 50. Nc5 Rxg2+ 51. Kh1 Rg3 {Strongly threatening ...Be2.} 52. Nd7 Bxh3 53. Nxe5+ {[#]} Kf5 $1 {[%cal Rf5e5]} (53... Kf6 $2 54. Nd3 $19) 54. Nc6 $2 (54. Nc4 $19 Rxf3 55. Rf8+ Kg5 56. Nd2) 54... Bg2+ {[%mdl 64] Double Attack. Black mates.} 55. Kh2 Bxf3 56. Nd4+ Ke4 57. Nxf3 Kxf3 {KR-KR} 58. Ra8 g5 59. Ra3+ Kg4 60. Rxg3+ fxg3+ 61. Kg2 Kh4 62. Kg1 Kh3 63. Kh1 g2+ 64. Kg1 g4 {Weighted Error Value: White=0.36/Black=0.08} 0-1

[Event "EWCCC Online Final 2020"]
[Site "Online"]
[Date "2020.12.21"]
[Round "6.5"]
[White "Badelka, Olga"]
[Black "Salimova, Nurgyul"]
[Result "1-0"]
[WhiteElo "2440"]
[BlackElo "2397"]
[Annotator "TA"]
[PlyCount "101"]
[EventDate "2020.12.19"]
[EventType "team-tourn"]
[EventCountry "NET"]
[SourceTitle "playchess.com"]
[Source "ChessBase"]
[SourceQuality "1"]

{[%evp 11,101,10,10,-28,-29,-24,-31,-29,-23,-10,-9,-11,0,-30,0,-50,-34,-67,-62,-69,-67,-53,-32,-35,-22,-17,-27,-21,-22,-26,-16,-14,0,0,0,0,0,0,19,9,28,0,15,17,24,11,13,12,23,12,19,14,20,14,48,23,20,2,1,0,0,0,38,60,241,240,233,193,348,343,763,767,695,652,1016,474,1578,1477,1345,1205,2109,1970,1769,1825,1593,964,1401,1294,1747,1518,2185,1969]} 1. c4 e6 2. Nf3 d5 3. e3 Nf6 4. b3 Bd6 5. Bb2 O-O 6. Nc3 c6 7. Qc2 {A11: English Opening: 1...c6.} e5 8. cxd5 cxd5 9. Nb5 {Black is slightly better.} Nc6 10. Nxd6 Qxd6 11. Be2 Bg4 {Hoping for ...e4.} 12. d3 Rac8 {[#] White must now prevent ...Nb4.} 13. Qd1 d4 {[#]} 14. O-O $146 ({Predecessor:} 14. e4 Qb4+ 15. Kf1 Rc7 16. h3 Bxf3 17. Bxf3 Rfc8 18. Rc1 Nd8 19. Rxc7 Rxc7 20. g3 {½-½ (50) Jaracz,P (2465)-Mastrovasilis,D (2582) Katowice 2017}) 14... dxe3 15. fxe3 Nd5 16. Qd2 Qh6 17. h3 Bxf3 18. Bxf3 Qxe3+ 19. Qxe3 Nxe3 20. Rfc1 Rfd8 21. Rc5 Nd4 22. Bxd4 $1 exd4 23. Rac1 Rxc5 24. Rxc5 $11 {[%mdl 4096] Endgame KRB-KRN} g6 25. Bxb7 Rd6 26. Bf3 h5 27. Ra5 a6 28. h4 Rb6 29. Ra4 Nf5 $1 30. Be4 {Threatens to win with Bxf5.} Nxh4 31. Rxd4 Kg7 32. Rd7 g5 33. g3 Ng6 34. Rd5 Kh6 35. Rf5 f6 36. Rc5 h4 37. g4 Ne5 $2 {Now Black is done in.} (37... Ne7 $14) 38. Rc7 $18 {[%csl Ge4][%cal Rc7h7]} Ng6 39. Bf5 Rd6 $2 (39... a5 40. Rf7 Rc6) 40. b4 h3 $2 (40... Rd4 41. Rf7 Rd6) 41. Kh2 {White is clearly winning.} Rd4 42. a3 Rf4 43. Kxh3 (43. Rf7 $142 Rxg4 44. Bxg4) 43... Rf3+ (43... Rd4 $142 44. Rf7 Rd6) 44. Kh2 Rf2+ 45. Kg1 Ra2 46. Rf7 Ra1+ 47. Kf2 Ra2+ 48. Ke1 Ra1+ 49. Kd2 Ra2+ 50. Kc1 Ra1+ {[#]} 51. Kb2 $1 {Accuracy: White = 76%, Black = 50%.} 1-0

[Event "EWCCC Online Final 2020"]
[Site "Online"]
[Date "2020.12.21"]
[Round "6.5"]
[White "Sebag, Marie"]
[Black "Girya, Olga"]
[Result "1/2-1/2"]
[WhiteElo "2438"]
[BlackElo "2464"]
[Annotator "TA"]
[PlyCount "53"]
[EventDate "2020.12.19"]
[EventType "team-tourn"]
[EventCountry "NET"]
[SourceTitle "playchess.com"]
[Source "ChessBase"]
[SourceQuality "1"]

{[%evp 22,34,8,9,36,0,8,0,0,0,0,0,0,0,0]} 1. e4 e5 2. Nf3 Nc6 3. Bb5 a6 4. Ba4 Nf6 5. O-O Nxe4 6. d4 b5 7. Bb3 d5 8. dxe5 Be6 9. Qe2 Nc5 10. Rd1 Nxb3 11. axb3 Be7 12. c4 {next cxd5 is good for White.} b4 {C81: Open Ruy Lopez: Keres Variation (9 Qe2).} 13. cxd5 Bxd5 {The position is equal.} 14. Qd3 Be4 15. Qe2 Bd5 16. Qd3 Be4 17. Qe2 Bd5 {[#] An uneventful encounter. Not enough moves} {Predecessor:} 18. Bf4 $146 O-O 19. Nbd2 Qc8 20. Rac1 Rd8 21. Nc4 Qg4 22. Be3 h6 23. Rd2 a5 24. Rcd1 Bxc4 25. Rxd8+ Bxd8 26. Qxc4 Qxc4 27. bxc4 {0-1 (34) Ali Marandi,C (2543)-Mamedyarov,S (2764) Playchess.com INT 2020} 1/2-1/2

[Event "EWCCC Online Final 2020"]
[Site "Online"]
[Date "2020.12.21"]
[Round "6.5"]
[White "Maltsevskaya, Aleksandra"]
[Black "Dordzhieva, Dinara"]
[Result "1-0"]
[WhiteElo "2311"]
[BlackElo "2334"]
[Annotator "TA"]
[PlyCount "139"]
[EventDate "2020.12.19"]
[EventType "team-tourn"]
[EventCountry "NET"]
[SourceTitle "playchess.com"]
[Source "ChessBase"]
[SourceQuality "1"]

{[%evp 19,139,0,33,-68,58,53,65,58,41,44,50,0,60,12,111,121,116,119,141,118,167,114,157,114,129,122,116,118,114,108,109,113,107,102,133,110,133,140,168,166,164,168,153,105,133,109,128,105,109,90,169,151,191,190,162,70,173,164,194,184,177,187,186,176,263,269,243,171,170,130,168,138,179,178,177,167,166,148,152,115,162,29,93,8,24,8,8,8,21,8,8,1,8,8,8,8,8,8,8,0,0,0,0,0,1672,1530,29983,29984,29983,29983,29983,29984,29985,29985,29985,29986,29986,29987,29987,29988,29988,29988]} 1. e4 c5 2. Nf3 Nc6 3. d4 cxd4 4. Nxd4 Qb6 5. Nb3 Nf6 6. Nc3 e6 7. Qe2 Bb4 8. Bd2 O-O 9. O-O-O d5 10. exd5 exd5 11. a3 {B33: Sicilian: Pelikan and Sveshnikov Variations.} (11. f3 $14) 11... Be7 (11... Bxc3 $15 12. Bxc3 Re8) 12. Be3 $14 Qc7 13. g3 {[#] White is slightly better.} (13. Nxd5 Nxd5 14. Rxd5 Be6 $15) 13... Re8 $146 ({Predecessor:} 13... Bg4 14. f3 Be6 15. Nc5 Bxc5 16. Bxc5 Rfe8 17. Qf2 a6 18. Bg2 b5 19. Rhe1 b4 20. Bxb4 {0-1 (28) Kathmale,S (2320)-Sivuk,V (2526) Hanoi 2018}) 14. Bg2 Bg4 15. f3 Bd7 (15... Bf5 $11) 16. Qf2 (16. Nxd5 Nxd5 17. Rxd5 Be6 $17) 16... a6 (16... d4 $11 17. Nxd4 Ne5) 17. Bb6 $16 Qc8 18. Rhe1 Bf5 19. g4 (19. Nxd5 $6 Nxd5 20. Rxd5 Nb4 $11) 19... Bg6 20. h3 (20. Nxd5 $2 Nxd5 21. Rxd5 Nb4 $1 $17 {[%mdl 512]}) (20. h4 $18) 20... Bf8 21. Rxe8 ({Resist} 21. Nxd5 $6 Nxd5 22. Rxe8 (22. Rxd5 $2 Rxe1+ 23. Qxe1 Nb4 $19 {[%mdl 64] Double Attack}) 22... Qxe8 $11) 21... Qxe8 22. Re1 (22. Nxd5 $6 Nxd5 23. Rxd5 Rc8 $11) 22... Qd7 23. f4 {And now f5 would win.} Ne4 24. Nxe4 Bxe4 25. Bxe4 dxe4 26. Rxe4 Qd5 27. Qe2 Rc8 28. Kb1 a5 29. Qd3 Qxd3 30. cxd3 Ra8 31. Bc5 Rd8 32. Bxf8 {Bc5 is the strong threat.} Kxf8 {[%mdl 4096] Endgame KRN-KRN} 33. Kc2 g6 34. Nc5 Rc8 (34... b6 $16 {is a better defense.}) 35. Kd2 $18 b5 36. Nd7+ Kg7 37. Ne5 (37. g5 $18) 37... Ne7 ({Better is} 37... f5 $1 $14 38. gxf5 gxf5) 38. Rd4 Rc7 39. Rd6 f6 {[#]} 40. Nf3 $1 Kf7 41. g5 fxg5 (41... Rc6 $142 42. Rd7 Rb6) 42. Nxg5+ ({Much less strong is} 42. fxg5 $6 Rb7 $16) 42... Ke8 43. Ne6 Rc8 44. Rb6 Kd7 45. Nd4 Nd5 46. Rxb5 Nxf4 47. Rxa5 Nxh3 48. Ra7+ Rc7 49. Rxc7+ Kxc7 $16 {KN-KN} 50. b3 (50. Ke3 $18) 50... Nf4 $11 51. b4 ({White should try} 51. Ke3 $16 Nd5+ 52. Kf3) 51... g5 52. Ke3 h5 53. Nf3 Ne6 54. d4 Kd6 55. Ke4 g4 56. Nh4 Ng5+ 57. Ke3 Kd5 58. a4 {[%cal Ba3a4,Ba4a5,Ba5a6][%mdl 32] With the idea Nf5.} Ne6 59. a5 Nxd4 60. a6 {Black must now prevent a7.} Nb5 61. Nf5 {Cut Off at move 61} Kc4 $2 {[%mdl 8192] [#]} (61... Nc7 $11) 62. Nd6+ $1 $18 {[%mdl 512]} Kd5 (62... Nxd6 63. a7) 63. Nxb5 {KN-KPP. White mates.} Kc6 64. Nd4+ Kb6 65. b5 h4 66. Kf4 h3 67. Kg3 Ka7 68. Nf5 Kb6 69. Ne3 Ka7 70. Nxg4 {Weighted Error Value: White=0.26/Black=0.23} 1-0

[Event "EWCCC Online Final 2020"]
[Site "Online"]
[Date "2020.12.21"]
[Round "7.1"]
[White "Gunina, Valentina"]
[Black "Zawadzka, Jolanta"]
[Result "1-0"]
[WhiteElo "2451"]
[BlackElo "2399"]
[Annotator "TA"]
[PlyCount "109"]
[EventDate "2020.12.19"]
[EventType "team-tourn"]
[EventCountry "NET"]
[SourceTitle "playchess.com"]
[Source "ChessBase"]
[SourceQuality "1"]

{[%evp 16,109,10,0,18,12,16,0,0,-22,-19,4,-2,-20,79,-7,0,0,0,0,0,0,15,-25,-30,-52,47,14,12,0,8,0,22,22,22,17,25,21,19,16,21,20,29,4,11,2,9,0,0,0,2,4,12,0,0,0,0,-41,0,-3,0,0,0,0,51,75,66,68,59,57,52,13,6,5,20,20,92,91,172,168,217,193,660,658,627,606,835,535,604,596,962,927,5222,5210,29994,29995]} 1. d4 d5 2. c4 e6 3. Nf3 Nf6 4. g3 Be7 5. Bg2 O-O 6. O-O c6 7. Qc2 b6 {is now debated instead of 7...Nbd7.} 8. Bf4 Bb7 9. Nbd2 Na6 {E06: Closed Catalan: Early deviations.} 10. a3 c5 {[#]} 11. Rad1 $146 ({Predecessor:} 11. Rac1 Rc8 12. Rfd1 Qe8 13. dxc5 Nxc5 14. b4 Nce4 15. Nxe4 Nxe4 16. Nd2 Nf6 17. Be5 {½-½ (82) Cumming,D (2296)-Bucsa,I (2242) ICCF email 2013}) 11... Rc8 {The position is equal.} 12. Qb1 dxc4 13. Nxc4 {And now dxc5 would win.} Be4 14. Qa1 Qd5 (14... Nd5 $1 $11) 15. Ne3 ({White should play} 15. Ncd2 $16) 15... Qb7 16. dxc5 Nxc5 17. b4 Na4 18. Be5 b5 19. Rd4 Nc3 20. Qb2 Ncd5 (20... Qb6 $15) 21. Nxd5 (21. Rxe4 $5 Nxe4 22. Bxg7 $11) 21... Bxd5 22. Rfd1 Qc6 23. R4d2 Rfd8 24. Nd4 Qb7 25. Bxd5 Rxd5 26. Nb3 Rxd2 27. Rxd2 h6 28. f3 Ne8 29. Na5 Qb6+ 30. Bd4 Qc7 31. Kg2 Bf6 32. Nb3 Bxd4 33. Qxd4 Qc3 34. Nc5 Qxa3 35. Qd7 Rb8 36. Qd4 Qc1 37. Ra2 Qc4 38. Qd2 Nf6 39. e4 {aiming for Rc2.} e5 ({Black should try} 39... Kh7 $11) 40. Rc2 (40. Rxa7 {looks sharper.} Kh7 41. Ra1 Rc8 42. h4 Ng8 43. h5) 40... Qd4 41. Qxd4 exd4 $14 {[%mdl 4096] Endgame KRN-KRN} 42. Ra2 Rd8 43. Kf2 {[%mdl 1024] White has compensation.} Nd7 44. Nb7 Rc8 45. Nd6 {[%mdl 64] [#] Double Attack} Rb8 (45... Rc1 $11 {remains equal.}) 46. f4 Rb6 (46... Ra8 $16 {was necessary.}) 47. e5 $18 f6 48. Rxa7 Nf8 $2 (48... Nb8 49. Nf5 {[%mdl 64] Double Attack} fxe5) 49. Ra8 fxe5 50. fxe5 Rc6 51. Kf3 g5 52. e6 Rc7 53. Nf5 Rc3+ {[#]} 54. Kg4 $1 {[%mdl 512] White threatens e7 and mate.} d3 55. e7 {[%mdl 64] Pin.  Weighted Error Value: White=0.16/Black=0.55} 1-0

[Event "EWCCC Online Final 2020"]
[Site "Online"]
[Date "2020.12.21"]
[Round "7.1"]
[White "Salimova, Nurgyul"]
[Black "Antolak, Julia"]
[Result "0-1"]
[WhiteElo "2397"]
[BlackElo "2307"]
[Annotator "RC"]
[PlyCount "118"]
[EventDate "2020.12.19"]
[EventType "team-tourn"]
[EventCountry "NET"]
[SourceTitle "playchess.com"]
[Source "ChessBase"]
[SourceQuality "1"]

1. d4 {[%emt 0:00:02]} Nf6 {[%emt 0:00:03]} 2. c4 {[%emt 0:00:03]} c5 {[%emt 0:00:01]} 3. d5 {[%emt 0:00:02]} b5 {[%emt 0:00:01]} 4. cxb5 {[%emt 0:00:02]} a6 {[%emt 0:00:01]} 5. bxa6 {[%emt 0:00:02]} g6 {[%emt 0:00:03]} 6. Nc3 {[%emt 0:00:06]} Bg7 {[%emt 0:00:03]} 7. e4 {[%emt 0:00:19]} O-O {[%emt 0:00:03]} 8. e5 {[%emt 0:00:26]} Ne8 {[%emt 0:00:07]} 9. h4 {[%emt 0:00:37]} d6 {[%emt 0:00:21]} 10. e6 {[%emt 0:01:00]} Bxa6 {[%emt 0:02:42]} 11. h5 {[%emt 0:01:16]} Bxf1 {[%emt 0:00:07]} 12. Kxf1 {[%emt 0:00:17]} Nf6 {[%emt 0:01:08]} 13. exf7+ {[%emt 0:00:38]} Rxf7 {[%emt 0:00:02]} 14. hxg6 {[%emt 0:00:02]} hxg6 {[%emt 0:00:02]} 15. Nf3 {[%emt 0:00:09]} Ng4 {[%emt 0:01:03]} 16. Qd3 {[%emt 0:02:34]} Qd7 {[%emt 0:01:24]} 17. Qxg6 {[%emt 0:00:48]} Qf5 {[%emt 0:00:03]} 18. Qxf5 {[%emt 0:02:10]} Rxf5 {[%emt 0:00:01]} 19. Rh4 {[%emt 0:00:03]} Nf6 {[%emt 0:00:09]} 20. Rf4 {[%emt 0:00:44]} Rxf4 {[%emt 0:00:56]} 21. Bxf4 {[%emt 0:00:04]} Na6 {[%emt 0:00:04]} 22. Re1 {[%emt 0:00:48]} Nb4 {[%emt 0:00:20]} 23. Bd2 {[%emt 0:01:10]} Nbxd5 {[%emt 0:00:21]} 24. a4 {[%emt 0:00:24]} e5 {[%emt 0:01:10]} 25. Nb5 {[%emt 0:00:33]} Ne8 {[%emt 0:01:02]} 26. b3 {[%emt 0:00:07]} Kf7 {[%emt 0:00:31]} 27. Ng5+ {[%emt 0:00:10]} Ke7 {[%emt 0:00:03]} 28. Ne4 {[%emt 0:00:09]} Kd7 {[%emt 0:00:15]} 29. Rd1 {[%emt 0:00:16]} Kc6 {[%emt 0:00:38]} 30. Bg5 {[%emt 0:00:26]} Bf8 {[%emt 0:00:44]} 31. Ke2 {[%emt 0:00:07]} Ndc7 {[%emt 0:00:19]} 32. Nxc7 {[%emt 0:01:37]} Nxc7 {[%emt 0:00:01]} 33. Rh1 {[%emt 0:00:08]} d5 {[%emt 0:01:50]} 34. Nd2 {[%emt 0:00:08]} Ne6 {[%emt 0:00:11]} 35. Bf6 {[%emt 0:00:09]} Bd6 {[%emt 0:00:08]} 36. Rh6 {[%emt 0:00:07]} Kd7 {[%emt 0:00:30]} 37. Rh7+ {[%emt 0:00:05]} Kc6 {[%emt 0:00:02]} 38. Rh6 {[%emt 0:00:01]} Kd7 {[%emt 0:00:02]} 39. g4 {[%emt 0:00:08]} Rg8 {[%emt 0:00:14]} 40. f3 {[%emt 0:00:08]} Nd4+ {[%emt 0:00:11]} 41. Kf2 {[%emt 0:00:03]} Rb8 {[%emt 0:00:22]} 42. Rh7+ {[%emt 0:00:01]} Ke6 {[%emt 0:00:03]} 43. g5 {[%emt 0:00:16]} Nxb3 {[%emt 0:00:08]} 44. Nf1 {[%emt 0:00:01]} Nd4 {[%emt 0:00:04]} 45. Bh8 {[%emt 0:00:08]} Rg8 {[%emt 0:00:13]} 46. Rh6+ {[%emt 0:00:08]} Kd7 {[%emt 0:00:01]} 47. Rh7+ {[%emt 0:00:02]} Ke6 {[%emt 0:00:09]} 48. Rh6+ {[%emt 0:00:01]} Kd7 {[%emt 0:00:01]} 49. Bf6 {[%emt 0:00:09]} c4 {[%emt 0:00:31]} 50. Ne3 {[%emt 0:00:04]} c3 {[%emt 0:00:09]} 51. Rh1 {[%emt 0:00:07]} Ke6 {[%emt 0:00:05]} 52. f4 {[%emt 0:00:04]} Nf5 {[%emt 0:00:13]} 53. fxe5 {[%emt 0:00:06]} Bc5 {[%emt 0:00:03]} 54. Kf3 {[%emt 0:00:06]} Bxe3 {[%emt 0:00:04]} 55. a5 {[%emt 0:00:02]} c2 {[%emt 0:00:01]} 56. a6 {[%emt 0:00:03]} c1=Q {[%emt 0:00:02]} 57. Rxc1 {[%emt 0:00:01]} Bxc1 {[%emt 0:00:01]} 58. g6 {[%emt 0:00:04]} Be3 {[%emt 0:00:05]} 59. g7 {[%emt 0:00:05]} Ba7 {[%emt 0:00:03]} 0-1

[Event "EWCCC Online Final 2020"]
[Site "Online"]
[Date "2020.12.21"]
[Round "7.1"]
[White "Kulon, Klaudia"]
[Black "Maltsevskaya, Aleksandra"]
[Result "1-0"]
[WhiteElo "2347"]
[BlackElo "2311"]
[Annotator "TA"]
[PlyCount "109"]
[EventDate "2020.12.19"]
[EventType "team-tourn"]
[EventCountry "NET"]
[SourceTitle "playchess.com"]
[Source "ChessBase"]
[SourceQuality "1"]

{[%evp 9,109,6,20,37,92,84,68,18,25,26,27,16,20,23,59,56,154,43,91,83,73,62,177,137,116,-6,0,-12,6,-43,-18,-31,-24,-20,0,0,0,-45,-30,-137,-145,-117,-47,-44,-50,-62,-10,-22,0,0,35,11,63,20,76,82,82,69,70,37,1108,1088,1337,985,886,852,1665,2331,2034,1843,1962,1938,1904,1714,6115,5900,29976,12843,12837,4942,12838,12839,12839,12839,12837,12837,12843,12843,12845,12845,12845,12845,12846,12846,12847,12847,12848,12848,29994,29995,29996,29997]} 1. d4 Nf6 2. Bg5 Ne4 3. h4 c5 4. d5 Qa5+ 5. Nd2 e6 6. c3 {A45: Trompowsky Attack.} Nxg5 (6... exd5 $14 7. Nxe4 (7. Nb3 Qa4 $11) 7... dxe4) 7. hxg5 $16 exd5 {[#]} 8. Nb3 $146 {White is slightly better.} ({Predecessor:} 8. e4 dxe4 9. Nxe4 d5 10. g6 fxg6 11. Qxd5 Qd8 12. Bb5+ Nc6 13. Bxc6+ bxc6 14. Qxc6+ Bd7 15. Qd5 Bf5 16. Qc6+ Bd7 17. Qd5 Bf5 18. Qc6+ Bd7 {½-½ (18) Kaufeld,J (2270)-Mladenov,S (2439) Neustadt an der Weinstrasse 2012}) 8... Qb6 {White should prevent ...c4.} 9. Qxd5 d6 10. Qe4+ Be6 $1 11. g6 $36 {[%mdl 2048] White has the initiative.} (11. Rxh7 $2 Rxh7 12. Qxh7 c4 $19) 11... d5 12. gxf7+ $1 Kd7 (12... Kxf7 $14 13. Qf3+ Kg8) 13. Qc2 ({White should play} 13. Rd1 $16) 13... Nc6 14. Nf3 ({Much worse is} 14. Rxh7 Rxh7 15. Qxh7 c4 $15) 14... Bxf7 15. O-O-O {aiming for Qf5+.} ({But not} 15. Qf5+ $6 Be6 $11) 15... g6 (15... Kc7 $14) 16. Ng5 Bg8 17. g3 ({Better is} 17. e4 $16 d4 18. Kb1) 17... Kc7 $11 18. Bh3 Re8 19. e4 c4 20. Nd4 Nxd4 21. Rxd4 Bc5 22. Rd2 $1 Qf6 23. Qa4 Rd8 $1 24. f4 (24. Qb5 $11 {remains equal.} b6 25. f4) 24... Be3 $17 25. e5 Qc6 ({Black should try} 25... Qb6 $17 26. Rhd1 Kb8) 26. Qa5+ $15 Qb6 27. Qxb6+ axb6 (27... Kxb6 $15 28. Nf3 h5) 28. Nf3 Bxd2+ 29. Kxd2 b5 30. a3 {[%mdl 1024] White has compensation.} Kb6 (30... h5 $11) 31. Nd4 Bf7 (31... Rf8 $11 {keeps the balance.}) 32. e6 $16 Be8 {[#]} 33. g4 $1 h5 {Threatens to win with ...hxg4.} 34. g5 $1 Rf8 $2 {[%mdl 8192] A mistake that costs the game.} (34... Rc8 $14) 35. e7 $1 $18 {[%csl LRd8,LRf8][%mdl 64] Double Attack} Bf7 36. exd8=Q+ Rxd8 37. Be6 Rf8 38. Bxf7 Rxf7 {[%mdl 4096] Endgame [#] KRN-KR} 39. f5 $1 gxf5 40. Rxh5 f4 41. Ke2 Ka5 {[#]} 42. g6 $1 Rg7 43. Rg5 Ka4 44. Kf3 b6 45. Nf5 Rg8 46. g7 Kb3 47. Ne7 Rxg7 48. Rxg7 d4 49. cxd4 {White threatens d5 and mate.} Kxb2 50. d5 {Intending d6 and mate.} c3 51. d6 c2 52. Rg1 {White wants to mate with d7.} Kxa3 53. d7 b4 54. d8=Q b3 55. Ra1+ {Weighted Error Value: White=0.32/Black=0.46} 1-0

[Event "EWCCC Online Final 2020"]
[Site "Online"]
[Date "2020.12.21"]
[Round "7.1"]
[White "Kubicka, Anna"]
[Black "Bodnaruk, Anastasia"]
[Result "0-1"]
[WhiteElo "2256"]
[BlackElo "2423"]
[Annotator "TA"]
[PlyCount "88"]
[EventDate "2020.12.19"]
[EventType "team-tourn"]
[EventCountry "NET"]
[SourceTitle "playchess.com"]
[Source "ChessBase"]
[SourceQuality "1"]

{[%evp 15,88,-6,0,0,0,0,12,22,75,78,95,30,88,94,131,120,165,155,181,158,144,145,139,124,127,102,120,97,101,62,147,28,60,0,56,-108,-88,-91,-88,-202,-183,-223,-259,-243,-249,-235,-181,-193,-195,-221,-120,-164,-137,-492,-505,-435,465,16,423,0,0,0,1056,1031,1024,0,603,-464,-423,-622,-622,-779,-792,-29993,-29993]} 1. e4 c5 2. Ne2 d6 3. g3 Nc6 4. Bg2 g6 5. O-O Bg7 6. c3 e5 7. Na3 Nge7 8. Nc2 O-O 9. d4 {B20: Sicilian: Unusual White 2nd moves.} exd4 10. cxd4 Qb6 {[%cal Rc6d4]} 11. d5 {[#] The position is equal.} Nd8 $146 (11... Ne5 $11 {remains equal.}) ({Predecessor:} 11... Ne5 12. Rb1 Bg4 13. f3 Bd7 14. Nc3 Rae8 15. Ne3 f5 16. f4 Ng4 17. Nxg4 Bxc3 {0-1 (27) Morton,P (1808)-Learte Pastor,T (2236) ICCF email 2015}) 12. Ne3 $16 Qa6 13. Nc3 (13. g4 $16) 13... b5 (13... f5 $11) 14. a4 Rb8 15. Re1 $1 Bd7 16. Bf1 Qa5 17. Bd2 bxa4 18. Nc4 Qc7 19. e5 Nf5 {[%cal Rd6e5]} 20. exd6 Qc8 21. Nxa4 Nd4 {Black wants to play ...Bg4.} 22. Ra3 Nb7 ({Black should play} 22... Rb3 $1 $14) 23. Bg2 ({Better is} 23. Bf4 $1 $16) 23... Bb5 24. Ne5 (24. b3 $14) 24... Nxd6 ({Black should try} 24... Bxe5 $11 25. Rxe5 Nxd6) 25. Nc3 $2 (25. Bf4 $1 $14 {keeps the upper hand.}) 25... Bxe5 $17 26. Rxe5 Nc4 $1 {[%csl LRa3,LRb2,LRe5][%mdl 64] Double Attack} 27. Nxb5 (27. Bf4 $17) 27... Rxb5 (27... Nxe5 28. Nxd4 cxd4 29. Bf4 $11) 28. Re7 Nxa3 (28... Rxb2 29. Bc3 $17) 29. bxa3 Qb8 30. Re1 Qb6 31. Bh6 Rb8 {White must now prevent ...Rb1.} 32. Be4 Qf6 (32... Re8 $19 {Strongly threatening ...f5.} 33. Re3 Rb3 34. Rxb3 Qxb3) 33. Bf4 Re8 34. Bg2 $2 {[%mdl 8192]} (34. Kg2 $17 {is more resistant.}) 34... Rxe1+ $19 35. Qxe1 Qf5 $4 {[%mdl 8192]} (35... Rb2 $19 {aiming for ...Ne2+.} 36. Bd2 Ra2) 36. Qe8+ $18 Kg7 {...Rb1+ is the strong threat.} 37. Be5+ $2 (37. Be4 $18 Ne2+ 38. Kf1 Rb1+ 39. Bxb1 Qxb1+ 40. Kxe2 Qa2+ 41. Kf3 Qxd5+ 42. Qe4) 37... f6 38. Qe7+ Kh6 $2 {[%mdl 8192] [#]} (38... Kg8 $11 39. Qe8+ (39. Bxf6 Rb1+ 40. Bf1 Ne2+ 41. Qxe2 Qxf6 $15) 39... Kg7 40. Qe7+ Kg8 41. Qe8+ (41. Bxf6 Ne2+ 42. Qxe2 Rb1+ 43. Bf1 Qxf6 $15) 41... Kg7) 39. Bf4+ $1 ({Weaker is} 39. Bxf6 Rb1+ 40. Bf1 Nf3+ 41. Kg2 Ne1+ 42. Kg1 Nf3+ 43. Kg2 Ne1+ 44. Kg1 Nf3+ $11) 39... g5 40. Qf8+ $2 (40. Be4 $18 Qxe4 41. Qxe4 gxf4 42. d6) 40... Kh5 $2 {[%mdl 8192] [#]} (40... Kg6 $11 41. Qe8+ Kg7) 41. Qf7+ $4 {[%mdl 8192]} (41. h3 $1 $18 Qb1+ 42. Kh2) 41... Qg6 $19 42. g4+ (42. Qxg6+ $142 Kxg6 43. Be3) 42... Kxg4 {( -> ...Rb1+)} 43. Qd7+ Qf5 ({Not} 43... Kxf4 44. Qc7+ Kf5 45. Qd7+ Kf4 46. Qc7+ Kf5 47. Qd7+ Kf4 $11) 44. Be3 Qxd7 {Weighted Error Value: White=1.15/Black=0.53} 0-1